000 00809nam a2200289Ia 4500
001 Para_9311
003 CHAP
008 220125s1991 xx 000 0 und d
010 _a206663
040 _cCHAP
082 _a635.128 M3
100 0 _aMaroto Borrego, José Vicente
_971534
245 _aEl apio :
_b técnicas de cultivo /
_c por J.V. Maroto Borrego y B. Pascual España
260 _aMadrid :
_b Mundi Prensa
300 _a108 p.
503 _aC/e (ej.1) \ C/e (ej.2)
650 _aApio
_x enfermedades
_96289
650 _aApio
_x producción
_9172979
700 _aPascual España, B.
_985846
901 _a635.128 M3
902 _aM
905 _a0000001991 a 0000000000 00
910 _a1991
942 _cPARA
942 _cPARA
_d1
999 _c206663
_d206663